000 02326nkc a22003257a 4500
001 85796
005 20260416161547.0
007 kh boc
008 260413s1890 sp ||||| |||| |0| i|spa d
040 _aM-RABA
_bspa
_cM-RABA
100 _aGarasa, Mariano
_dca. 1890
_9111662
245 1 1 _a[Castillo de Loarre
_b: vistas exteriores e interior de la capilla]
_c/ Mariano Garasa
_h[Material gráfico]
260 _aErla
_b: Mariano Garasa
_c, [ca. 1890]
300 _a6 fotografías
_b: albúmina
_c; imagen 12 x 17 cm
_c; soporte secundario 20 x 26 cm
500 0 0 _aConjunto de 6 fotografías del Castillo de Loarre (Huesca) desde diferentes ángulos, así como el interior de la capilla y otras estancias.
500 0 0 _aSello de tinta al verso de las fotografías: "Mariano Garasa - Erla"
500 0 0 _aRestos de cinta de papel adheridos en la parte superior del verso.
505 _aFot-627 y Fot-628: fachada este y muralla exterior. Fot-629: fachada este. Fot-630: interior de la iglesia. Fot-631: vista exterior con mujeres y hombres de la época. Fot-632: entrada a los pisos superiores con hombres de la época.
610 2 7 _aCastillo de Loarre (
_cHuesca, España)
_95703
651 4 _aLoarre
_9111663
655 0 _aFotografías de monumentos
_9111580
852 _jFot-627; Fot-628; Fot-629; Fot-630; Fot-631; Fot-632
856 _uhttps://archivoybiblioteca.realacademiabellasartessanfernando.com/cgi-bin/koha/opac-retrieve-file.pl?id=b4d43db3249a90bc6d3fa893a8914207
_yFot-627
856 _uhttps://archivoybiblioteca.realacademiabellasartessanfernando.com/cgi-bin/koha/opac-retrieve-file.pl?id=c01bf17b411a8fc4eddd61c8b7eee82b
_yFot-628
856 _uhttps://archivoybiblioteca.realacademiabellasartessanfernando.com/cgi-bin/koha/opac-retrieve-file.pl?id=fd89d1c6c8dc861cfc3d64d57151222d
_yFot-629
856 _uhttps://archivoybiblioteca.realacademiabellasartessanfernando.com/cgi-bin/koha/opac-retrieve-file.pl?id=ddb2a4a4eb0354d86b96c355a4ec3288
_yFot-630
856 _uhttps://archivoybiblioteca.realacademiabellasartessanfernando.com/cgi-bin/koha/opac-retrieve-file.pl?id=aac914dd3a6a4cc90027fad3467245c4
_yFot-631
856 _uhttps://archivoybiblioteca.realacademiabellasartessanfernando.com/cgi-bin/koha/opac-retrieve-file.pl?id=e48cf263235f147ac51e05f3bd70ab1c
_yFot-632
942 _cFOTOGRAFÍA
_n0
999 _c85796
_d85796